000 00854nam a2200205Ii 4500
003 JO-AjNU
008 230605s9999||||xx |||||||||||||| ||und||
040 _aJO-AjNU
_bara
_erda
_cJO-AjNU
041 _aara
050 1 4 _aPJ7755.H3.A15 2008
100 3 _aتأليف البصري،أبي محمد القاسم بن علي بن محمد الحريري ؛ علق عليه وضبطه أحمد عبد السلام الطيبي,
_eauthor
_943289
245 0 0 _aمقامات الحريري المسمى بالمقانات الأدبية
250 _aط6
264 3 1 _aبيروت:دار الكتب العلمية،2008
300 _a568ص
336 _atext
_btxt
_2rdacontent
337 _aunmediated
_bn
_2rdamedia
338 _avolume
_bnc
_2rdacarrier
650 4 _aالمقامات العربية - تاريخ ونقد - العصر العباسي
_943290
999 _aA18600
_c22168
_d22168